| Tag |
First Indicator |
Second Indicator |
Subfields |
| LEADER |
00000cam a2200000Ii 4500 |
| 001 |
in00003494572 |
| 005 |
20191012063414.0 |
| 008 |
140714t20142014nyucf 001 0beng d |
| 035 |
|
|
|a (OCoLC)ocn883645289
|
| 040 |
|
|
|a YDXCP
|b eng
|e rda
|c YDXCP
|d BTCTA
|d OCLCQ
|d GK8
|d UPZ
|d DAD
|d ZGV
|d ABG
|d IH7
|d MOF
|d RCJ
|d VP@
|d TXA
|
| 020 |
|
|
|a 9780553447781 :
|c $28.00
|
| 020 |
|
|
|a 0553447785
|
| 020 |
|
|
|z 9780553447798 (eBook)
|
| 035 |
|
|
|a (OCoLC)883645289
|
| 043 |
|
|
|a n-us---
|
| 050 |
|
4 |
|a E882
|b .B86 2014
|
| 082 |
0 |
4 |
|a 973.928/092
|a B
|2 23
|
| 049 |
|
|
|a TXAM
|
| 100 |
1 |
|
|a Bush, George W.
|q (George Walker),
|d 1946-
|e author.
|
| 245 |
1 |
0 |
|a 41 :
|b a portrait of my father /
|c by George W. Bush.
|
| 246 |
3 |
|
|a Forty-one :
|b a portrait of my father
|
| 246 |
3 |
0 |
|a Portrait of my father
|
| 250 |
|
|
|a First edition.
|
| 264 |
|
1 |
|a New York :
|b Crown Publishers,
|c [2014]
|
| 264 |
|
4 |
|c ©2014
|
| 300 |
|
|
|a x, 294 pages, 24 unnumbered pages of plates :
|b portraits (chiefly color) ;
|c 22 cm
|
| 336 |
|
|
|a text
|b txt
|2 rdacontent
|
| 337 |
|
|
|a unmediated
|b n
|2 rdamedia
|
| 338 |
|
|
|a volume
|b nc
|2 rdacarrier
|
| 500 |
|
|
|a Includes index.
|
| 505 |
0 |
|
|a Beginnings -- War -- Heading West -- Hat in the ring -- Man of the house -- Diplomacy -- Runner-up -- Within a heartbeat -- The road to the White House -- Number 41 -- The hardest year -- The afterlife.
|
| 520 |
|
|
|a George W. Bush covers the entire scope of the elder President Bush's life and career, including his service in the Pacific during World War II, his pioneering work in the Texas oil business, and his political rise as a Congressman, U.S. Representative to China and the United Nations, CIA Director, Vice President, and 41st President of the United States.
|
| 600 |
1 |
0 |
|a Bush, George,
|d 1924-2018.
|
| 650 |
|
0 |
|a Presidents
|z United States
|v Biography.
|
| 651 |
|
0 |
|a United States
|x Politics and government
|y 1989-1993.
|
| 948 |
|
|
|a cataloged
|b h
|c 2014/11/18
|d c
|e jolivare
|f 9:58:46 am
|
| 994 |
|
|
|a C0
|b TXA
|
| 999 |
f |
f |
|s 6d1ec189-a8f8-3bd6-9bf7-fcc9565ded88
|i f827afda-c630-37ba-9c77-a0338d3ac081
|t 0
|
| 952 |
f |
f |
|p normal
|a Texas A&M University
|b College Station
|c Sterling C. Evans Library
|s Evans stk
|d Evans: Library Stacks
|t 0
|e E882 .B86 2014
|h Library of Congress classification
|i unmediated -- volume
|m A14842764053
|
| 998 |
f |
f |
|a E882 .B86 2014
|t 0
|l Evans: Library Stacks
|